[Event "Satty Zhuldyz Rapid 2023"]
[Site "Astana KAZ"]
[Date "2023.04.21"]
[Round "6.2"]
[White "Grischuk, Alexander"]
[Black "Sindarov, Javokhir"]
[Result "1-0"]
[WhiteTitle "GM"]
[BlackTitle "GM"]
[WhiteElo "2745"]
[BlackElo "2661"]
[WhiteFideId "4126025"]
[BlackFideId "14205483"]
[EventDate "2023.04.20"]

1. d4 Nf6 2. c4 g6 3. h4 c5 4. d5 Bg7 5. Nc3 d6 6. e4 e6 7. Be2 h5 8. Nf3 exd5
9. exd5 O-O 10. Ng5 Nbd7 11. Bf4 Ne5 12. Qd2 Re8 13. O-O Bf5 14. Rfe1 Nh7 15.
Bf1 Nxg5 16. hxg5 Qb6 17. Rac1 Re7 18. Ne4 Bxe4 19. Rxe4 Rae8 20. Rce1 Kf8 21.
b3 Qd8 22. Qe2 a5 23. Bg3 Nc6 24. Rxe7 Rxe7 25. Qd2 Rxe1 26. Qxe1 Nd4 27. Bf4 b6
28. Bd3 Qd7 29. Qe4 Kg8 30. g3 Bf8 31. Kg2 a4 32. b4 Bg7 33. b5 Kf8 34. Bc2 a3
35. Bd3 Qd8 36. Qe3 Kg8 37. Bf1 Be5 38. Bxe5 Nf5 39. Qxa3 dxe5 40. Qc1 h4 41.
Bd3 Nd6 42. gxh4 Qd7 43. Be2 Nf5 44. Bg4 Nxh4+ 45. Kh3 Nf5 46. Qb1 f6 47. gxf6
Kf7 48. Qe4 Kxf6 49. Bxf5 gxf5 50. Qh4+ Kg6 51. Qg3+ Kf6 52. Qh4+ Kg6 53. f4
exf4 54. Qxf4 Qa7 55. Qg3+ Kf6 56. Qc3+ Kg5 57. Qe3+ Kg6 58. d6 Kf6 59. Kg3 Qg7+
60. Kf2 Qd7 61. Qd3 Ke5 62. Qd5+ Kf4 63. Qf3+ Ke5 64. Qd5+ Kf4 65. a4 Kg4 66.
Qc6 Qd8 67. d7 Qh4+ 68. Kf1 Qh8 69. Qg2+ Kf4 70. Qd2+ Ke4 71. Qe2+ Kf4 72. Qd2+
Ke4 73. Qd5+ 1-0

[Event "Satty Zhuldyz Rapid 2023"]
[Site "Astana KAZ"]
[Date "2023.04.21"]
[Round "6.3"]
[White "Vakhidov, Jakhongir"]
[Black "Martirosyan, Haik M."]
[Result "1/2-1/2"]
[WhiteTitle "GM"]
[BlackTitle "GM"]
[WhiteElo "2607"]
[BlackElo "2675"]
[WhiteFideId "14201801"]
[BlackFideId "13306553"]
[EventDate "2023.04.20"]

1. c4 e5 2. Nc3 Nf6 3. Nf3 Nc6 4. e4 Bb4 5. d3 d6 6. Be2 h6 7. O-O Bc5 8. Be3
Bg4 9. Nxe5 Nxe5 10. d4 Bxe2 11. Qxe2 Bb4 12. dxe5 Bxc3 13. bxc3 dxe5 14. Qb2
O-O 15. Qxb7 Qc8 16. Qxc8 Rfxc8 17. f3 Nd7 18. Rfb1 Nb6 19. c5 Nc4 20. Bf2 Na5
21. Rb5 Nc6 22. Kf1 f6 23. Rd1 Kf8 24. Rd7 Nb8 25. Rd2 Nc6 26. Ke2 Ke7 27. Rb1
Rd8 28. Rd5 Rab8 29. Rb3 Rxb3 30. axb3 Rb8 31. b4 a5 32. bxa5 Rb2+ 33. Rd2 Rxd2+
34. Kxd2 Nxa5 35. g3 Kd7 36. f4 Kc6 37. Kd3 Nb3 38. fxe5 fxe5 39. Kc4 Nd2+ 40.
Kd3 Nb3 41. Kc4 Nd2+ 42. Kd3 Nb3 1/2-1/2

[Event "Satty Zhuldyz Rapid 2023"]
[Site "Astana KAZ"]
[Date "2023.04.21"]
[Round "6.5"]
[White "Gelfand, Boris"]
[Black "Aronian, Levon"]
[Result "0-1"]
[WhiteTitle "GM"]
[BlackTitle "GM"]
[WhiteElo "2678"]
[BlackElo "2745"]
[WhiteFideId "2805677"]
[BlackFideId "13300474"]
[EventDate "2023.04.20"]

1. Nf3 d5 2. g3 g6 3. Bg2 Bg7 4. d4 c6 5. O-O Nf6 6. c4 O-O 7. Qa4 a6 8. Bf4
Nbd7 9. Nbd2 dxc4 10. Qxc4 Nd5 11. Rfd1 Qb6 12. Qc2 Nxf4 13. gxf4 Bxd4 14. Nxd4
Qxd4 15. Ne4 Qg7 16. Rd2 Nf6 17. Rad1 Bf5 18. Nxf6+ Qxf6 19. Qb3 Rab8 20. Qb6
Kh8 21. Qd4 Qxd4 22. Rxd4 Kg7 23. Kf1 Rfc8 24. Be4 Be6 25. a3 c5 26. R4d2 b5 27.
Bd5 Bf5 28. f3 c4 29. Kf2 c3 30. bxc3 Rxc3 31. e4 Bc8 32. Rd3 Rc5 33. Ke3 a5 34.
Rb1 Ba6 35. f5 gxf5 36. Kd4 Rc2 37. Rg1+ Kf8 38. f4 e6 39. Bxe6 Rd8+ 40. Bd5
fxe4 41. Kxe4 b4 42. Rd4 bxa3 43. Ke5 Rc5 44. f5 Bb7 0-1

[Event "Satty Zhuldyz Rapid 2023"]
[Site "Astana KAZ"]
[Date "2023.04.21"]
[Round "7.4"]
[White "Martirosyan, Haik M."]
[Black "Assaubayeva, Bibisara"]
[Result "1-0"]
[WhiteTitle "GM"]
[BlackTitle "IM"]
[WhiteElo "2675"]
[BlackElo "2440"]
[WhiteFideId "13306553"]
[BlackFideId "13708694"]
[EventDate "2023.04.20"]

1. d4 Nf6 2. Bg5 d5 3. e3 c5 4. c3 Nc6 5. Nd2 e6 6. Bd3 h6 7. Bh4 Be7 8. Ngf3
O-O 9. Bxf6 Bxf6 10. dxc5 Qe7 11. Nb3 e5 12. e4 dxe4 13. Bxe4 Rd8 14. Qc2 Be6
15. O-O Rdc8 16. Rfe1 Rab8 17. Bf5 Bxf5 18. Qxf5 Qf8 19. Rad1 a5 20. Nbd2 Qxc5
21. Ne4 Qe7 22. Rd7 Qe6 23. Qxe6 fxe6 24. Red1 b5 25. h4 b4 26. R1d6 bxc3 27.
bxc3 Rd8 28. Rxd8+ Nxd8 29. Ra6 Rc8 30. Rxa5 Nc6 31. Rc5 Kf8 32. g4 1-0

[Event "Satty Zhuldyz Rapid 2023"]
[Site "Astana KAZ"]
[Date "2023.04.21"]
[Round "7.5"]
[White "Sindarov, Javokhir"]
[Black "Vakhidov, Jakhongir"]
[Result "0-1"]
[WhiteTitle "GM"]
[BlackTitle "GM"]
[WhiteElo "2661"]
[BlackElo "2607"]
[WhiteFideId "14205483"]
[BlackFideId "14201801"]
[EventDate "2023.04.20"]

1. e4 c5 2. Nc3 Nc6 3. Nf3 g6 4. d4 cxd4 5. Nxd4 Bg7 6. Nb3 Nf6 7. Be2 d6 8. O-O
O-O 9. Re1 Be6 10. Bf1 d5 11. exd5 Nxd5 12. Ne4 Ndb4 13. Qe2 Bxb3 14. Rd1 Bd5
15. a3 Nxc2 16. Qxc2 Bxe4 0-1

[Event "Satty Zhuldyz Rapid 2023"]
[Site "Astana KAZ"]
[Date "2023.04.21"]
[Round "7.6"]
[White "Hou, Yifan"]
[Black "Grischuk, Alexander"]
[Result "0-1"]
[WhiteTitle "GM"]
[BlackTitle "GM"]
[WhiteElo "2628"]
[BlackElo "2745"]
[WhiteFideId "8602980"]
[BlackFideId "4126025"]
[EventDate "2023.04.20"]

1. e4 e5 2. Nf3 Nc6 3. Bb5 a6 4. Ba4 Bc5 5. O-O d6 6. c3 Bg4 7. d4 exd4 8. cxd4
Ba7 9. Bxc6+ bxc6 10. Be3 Ne7 11. h3 Bh5 12. Nbd2 O-O 13. Qc2 Qd7 14. Nh4 d5 15.
Nf5 Rae8 16. Rac1 dxe4 17. Nxe7+ Rxe7 18. Qxc6 Bxd4 19. Qxd7 Rxd7 20. Bxd4 Rxd4
21. Nb3 Rd7 22. Nc5 Rd2 23. g4 Bg6 24. Nxa6 e3 25. Nc5 Rxb2 26. fxe3 Rxa2 27.
Nd7 Re8 28. Rxc7 f6 29. Rf2 Ra1+ 30. Rf1 Rxf1+ 31. Kxf1 Rxe3 32. Kg2 Be4+ 33.
Kh2 Bd5 34. Rc2 Kf7 35. Nb6 Bb3 36. Rd2 Be6 37. Nd5 Re4 38. Kg3 g5 39. Kf3 Ra4
40. Ne3 h5 41. Rb2 Ra3 42. Rb7+ Kg6 43. gxh5+ Kxh5 44. Rb6 f5 45. Rxe6 f4 46.
Rb6 Rxe3+ 47. Kg2 Re2+ 48. Kg1 Kh4 49. Rh6+ Kg3 50. Kf1 Rf2+ 51. Kg1 Ra2 52. Kf1
f3 0-1

[Event "Satty Zhuldyz Rapid 2023"]
[Site "Astana KAZ"]
[Date "2023.04.21"]
[Round "8.2"]
[White "Vakhidov, Jakhongir"]
[Black "Hou, Yifan"]
[Result "1/2-1/2"]
[WhiteTitle "GM"]
[BlackTitle "GM"]
[WhiteElo "2607"]
[BlackElo "2628"]
[WhiteFideId "14201801"]
[BlackFideId "8602980"]
[EventDate "2023.04.20"]

1. c4 e6 2. Nc3 d5 3. d4 Nf6 4. cxd5 Nxd5 5. e4 Nxc3 6. bxc3 c5 7. Nf3 cxd4 8.
cxd4 Bb4+ 9. Bd2 Bxd2+ 10. Qxd2 O-O 11. Rd1 b6 12. Bd3 Ba6 13. Bb1 Nd7 14. h4
Rc8 15. Rh3 Qc7 16. e5 Qc4 17. Nh2 Rfd8 18. Bd3 Qa4 19. Ng4 Bxd3 20. Rxd3 h5 21.
Ne3 Nb8 22. f4 Nc6 23. d5 exd5 24. Nxd5 Qe4+ 25. Kf1 Kf8 26. Qb2 Ne7 27. Qa3 Rc5
28. Rd4 Qc2 29. Nxe7 Rxd4 30. Rxd4 Qc1+ 31. Qxc1 Rxc1+ 32. Kf2 Kxe7 33. a4 Ke6
34. g3 Rc2+ 35. Kf3 Rc3+ 36. Ke4 Rxg3 37. Rd6+ Ke7 38. a5 Rb3 39. axb6 Rxb6 40.
Rd5 Rb4+ 41. Kf5 g6+ 42. Kg5 Ra4 43. Rb5 Ra1 44. Kh6 Rf1 45. Rb4 Ke6 46. Kg7 a5
47. Rb6+ Kd5 48. Rd6+ Ke4 49. e6 fxe6 50. Rxe6+ Kf5 51. Rxg6 Rxf4 52. Rg5+ Ke6 1/2-1/2

[Event "Satty Zhuldyz Rapid 2023"]
[Site "Astana KAZ"]
[Date "2023.04.21"]
[Round "8.3"]
[White "Assaubayeva, Bibisara"]
[Black "Sindarov, Javokhir"]
[Result "1/2-1/2"]
[WhiteTitle "IM"]
[BlackTitle "GM"]
[WhiteElo "2440"]
[BlackElo "2661"]
[WhiteFideId "13708694"]
[BlackFideId "14205483"]
[EventDate "2023.04.20"]

1. c4 Nf6 2. Nc3 g6 3. e4 d6 4. d4 c5 5. d5 Bg7 6. Be2 e6 7. Be3 O-O 8. Nf3 exd5
9. cxd5 Bg4 10. Nd2 Bxe2 11. Qxe2 Re8 12. O-O Nbd7 13. Kh1 a6 14. a4 Rb8 15. a5
Nh5 16. g4 Nhf6 17. f3 h6 18. Bf4 Ne5 19. Bg3 g5 20. Nd1 Nfd7 21. Ne3 Nf8 22.
Nf5 1/2-1/2

[Event "Satty Zhuldyz Rapid 2023"]
[Site "Astana KAZ"]
[Date "2023.04.21"]
[Round "8.4"]
[White "Gelfand, Boris"]
[Black "Martirosyan, Haik M."]
[Result "1/2-1/2"]
[WhiteTitle "GM"]
[BlackTitle "GM"]
[WhiteElo "2678"]
[BlackElo "2675"]
[WhiteFideId "2805677"]
[BlackFideId "13306553"]
[EventDate "2023.04.20"]

1. Nf3 Nf6 2. c4 e6 3. d4 d5 4. Nc3 Nbd7 5. Bf4 dxc4 6. e3 Bd6 7. Bxd6 cxd6 8.
Bxc4 Nb6 9. Bd3 Nbd5 10. Nxd5 Nxd5 11. Qd2 Bd7 12. e4 Ne7 13. O-O O-O 14. Rac1
Qb6 15. Rc3 1/2-1/2

[Event "Satty Zhuldyz Rapid 2023"]
[Site "Astana KAZ"]
[Date "2023.04.21"]
[Round "8.6"]
[White "Kramnik, Vladimir"]
[Black "Aronian, Levon"]
[Result "1/2-1/2"]
[WhiteTitle "GM"]
[BlackTitle "GM"]
[WhiteElo "2753"]
[BlackElo "2745"]
[WhiteFideId "4101588"]
[BlackFideId "13300474"]
[EventDate "2023.04.20"]

1. Nf3 d5 2. g3 Nf6 3. Bg2 c5 4. O-O Nc6 5. d4 e6 6. b3 cxd4 7. Nxd4 Bd7 8. c4
dxc4 9. Nxc6 Bxc6 10. Bxc6+ bxc6 11. Qc2 Qd5 12. Bb2 Qe4 13. Rc1 Qxc2 14. Rxc2
cxb3 15. axb3 c5 16. Bxf6 gxf6 17. Nd2 f5 18. Ra6 Be7 19. Rca2 O-O 20. Rxa7 Rxa7
21. Rxa7 Bf6 22. Rb7 Rd8 23. Nc4 h5 24. Kg2 h4 25. gxh4 Bxh4 26. Ne5 Rd4 27.
Nxf7 Rf4 28. f3 Rd4 29. Nh6+ Kf8 30. Rf7+ Ke8 31. Rh7 Rd2 32. Nxf5 Rxe2+ 33. Kh3
exf5 34. Rxh4 Re3 35. Rf4 Rxb3 36. Rxf5 Ke7 37. Kg4 Kd6 38. Rf8 Rb4+ 39. Kg5 c4
40. h4 Rb5+ 41. Kg6 Rc5 42. Rd8+ Ke7 43. Rd2 c3 44. Rc2 Rc6+ 45. Kg7 Ke6 46. Kg6
Ke7+ 47. Kg5 Rc5+ 48. Kf4 Rc4+ 49. Ke3 Rxh4 50. Rxc3 1/2-1/2

[Event "Satty Zhuldyz Rapid 2023"]
[Site "Astana KAZ"]
[Date "2023.04.22"]
[Round "9.1"]
[White "Aronian, Levon"]
[Black "Lagno, Kateryna"]
[Result "1-0"]
[WhiteTitle "GM"]
[BlackTitle "GM"]
[WhiteElo "2745"]
[BlackElo "2560"]
[WhiteFideId "13300474"]
[BlackFideId "14109336"]
[EventDate "2023.04.20"]

1. d4 Nf6 2. Bf4 c5 3. d5 d6 4. Nc3 a6 5. a4 e5 6. Bg5 Be7 7. Bxf6 Bxf6 8. e4
Bg5 9. g3 O-O 10. h4 Bh6 11. Bh3 Nd7 12. Kf1 Rb8 13. a5 b5 14. axb6 c4 15. Nf3
Nc5 16. Kg2 Rxb6 17. Na4 Bxh3+ 18. Rxh3 Nxa4 19. Rxa4 Rxb2 20. Rxc4 a5 21. Rh1
Qd7 22. Qd3 g6 23. h5 Kg7 24. Qc3 Rb4 25. Rxb4 axb4 26. Qxb4 Rc8 27. c3 Rc5 28.
hxg6 hxg6 29. Nxe5 Qe7 30. Ng4 1-0

[Event "Satty Zhuldyz Rapid 2023"]
[Site "Astana KAZ"]
[Date "2023.04.22"]
[Round "9.4"]
[White "Sindarov, Javokhir"]
[Black "Gelfand, Boris"]
[Result "1-0"]
[WhiteTitle "GM"]
[BlackTitle "GM"]
[WhiteElo "2661"]
[BlackElo "2678"]
[WhiteFideId "14205483"]
[BlackFideId "2805677"]
[EventDate "2023.04.20"]

1. e4 c5 2. Nc3 Nc6 3. Nf3 e6 4. h3 d5 5. exd5 exd5 6. Bb5 Nf6 7. d4 cxd4 8.
Nxd4 Bd7 9. O-O Be7 10. Nf3 Be6 11. Nd4 Bd7 12. Nf3 Be6 13. Ne2 O-O 14. c3 Ne4
15. Be3 Bf6 16. Nf4 Qd6 17. Nd2 Nxd2 18. Qxd2 Rfd8 19. Rfd1 Qc7 20. Bxc6 bxc6
21. Bd4 Bxd4 22. cxd4 Bf5 23. Rac1 Rab8 24. Rc5 Qb6 25. b3 Re8 26. Rdc1 Bd7 27.
Nd3 f6 28. f3 Re7 29. Re1 Rbe8 30. Rxe7 Rxe7 31. Qf4 Qd8 32. Kh2 Re2 33. Rc1 Qe8
34. a4 h6 35. Qg3 Bf5 36. Nf4 Re3 37. b4 Kh7 38. b5 Bd7 39. h4 g5 40. hxg5 hxg5
41. bxc6 Bxc6 42. Qh3+ Kg7 43. Qg4 Qb8 44. Rxc6 Qxf4+ 45. Qxf4 gxf4 46. Rc5 Ra3
47. a5 Kg6 48. Rxd5 f5 49. Rd6+ Kg5 50. Ra6 Rd3 51. Rxa7 Rxd4 52. a6 Ra4 53. Ra8
Kg6 54. a7 Kg7 55. Kh3 1-0

[Event "Satty Zhuldyz Rapid 2023"]
[Site "Astana KAZ"]
[Date "2023.04.22"]
[Round "9.5"]
[White "Hou, Yifan"]
[Black "Assaubayeva, Bibisara"]
[Result "1/2-1/2"]
[WhiteTitle "GM"]
[BlackTitle "IM"]
[WhiteElo "2628"]
[BlackElo "2440"]
[WhiteFideId "8602980"]
[BlackFideId "13708694"]
[EventDate "2023.04.20"]

1. e4 c5 2. Nf3 g6 3. d4 cxd4 4. Nxd4 Bg7 5. c4 Nc6 6. Be3 Qb6 7. Nb3 Qd8 8. Qd2
d6 9. Nc3 Nf6 10. f3 O-O 11. Be2 a5 12. Nd4 Nxd4 13. Bxd4 a4 14. O-O Qa5 15.
Rad1 Be6 16. f4 Rfc8 17. b3 axb3 18. axb3 Re8 19. Qe3 Bg4 20. e5 Bxe2 21. Qxe2
Nh5 22. b4 Qxb4 23. Nd5 Qb3 24. Rf3 Qa2 25. Rd2 Qa5 26. Rf1 e6 27. Nf6+ Nxf6 28.
exf6 Bf8 29. Rb2 e5 30. fxe5 dxe5 31. Be3 Qc7 32. h3 e4 33. Bf4 Qc6 34. Be3 Ra4
35. Rb6 Qxc4 36. Qxc4 Rxc4 37. Rxb7 Rc3 38. Re1 Rec8 39. Bd4 R3c4 40. Bf2 R8c6
41. Rb6 Rxb6 42. Bxb6 Rc6 43. Bd4 Rd6 44. Bc5 Rxf6 45. Bxf8 Kxf8 46. Rxe4 1/2-1/2

[Event "Satty Zhuldyz Rapid 2023"]
[Site "Astana KAZ"]
[Date "2023.04.22"]
[Round "9.6"]
[White "Grischuk, Alexander"]
[Black "Vakhidov, Jakhongir"]
[Result "1-0"]
[WhiteTitle "GM"]
[BlackTitle "GM"]
[WhiteElo "2745"]
[BlackElo "2607"]
[WhiteFideId "4126025"]
[BlackFideId "14201801"]
[EventDate "2023.04.20"]

1. e4 c5 2. Nf3 Nc6 3. Bb5 e6 4. Bxc6 bxc6 5. d3 Qc7 6. O-O Ne7 7. h4 e5 8. h5
d5 9. Nh2 Be6 10. Qe2 Nc8 11. c4 Nb6 12. b3 Bd6 13. f4 exf4 14. exd5 cxd5 15.
Nc3 Be5 16. Nb5 Qb8 17. d4 cxd4 18. Nf3 Bf6 19. Ba3 dxc4 20. Nbxd4 Qc8 21. Nb5
Be7 22. Bxe7 Kxe7 23. Qe5 f6 24. Qxf4 Qc5+ 25. Nbd4 Bd7 26. Qe3+ Kf7 27. Ne5+
Ke8 28. Ng6+ Kf7 29. Nxh8+ Rxh8 30. h6 Re8 31. Qf2 Re4 32. Rad1 Qg5 33. hxg7
Kxg7 34. bxc4 Bg4 35. Nf5+ Kg6 36. Ng3 Re6 37. Rd4 h5 38. Rf4 Nd7 39. Qd4 Qc5
40. Nf5 Qxd4+ 41. Rxd4 Ne5 42. Nh4+ Kh6 43. c5 Ra6 44. Rf2 Rc6 45. Nf5+ Bxf5 46.
Rxf5 Kg6 47. Rf1 Rxc5 48. Rd6 Ng4 49. Ra6 Rc2 50. Re1 Rc7 51. a4 Kg5 52. Rae6 a5
53. Rb6 Rc2 54. Rb5+ f5 55. Rxa5 Ra2 56. Ra8 Kh4 57. Rf1 Ne3 58. Rf4+ Kg5 59.
Rf3 Rxg2+ 60. Kh1 Re2 61. Rg8+ Kh4 62. Rg1 Ng4 63. Ra1 Nf2+ 64. Kg1 Nh3+ 65. Kf1
Rh2 66. Raa3 Kg4 67. Rg3+ Kh4 68. Rxh3+ 1-0

[Event "Satty Zhuldyz Rapid 2023"]
[Site "Astana KAZ"]
[Date "2023.04.22"]
[Round "10.1"]
[White "Lagno, Kateryna"]
[Black "Vakhidov, Jakhongir"]
[Result "1-0"]
[WhiteTitle "GM"]
[BlackTitle "GM"]
[WhiteElo "2560"]
[BlackElo "2607"]
[WhiteFideId "14109336"]
[BlackFideId "14201801"]
[EventDate "2023.04.20"]

1. e4 c5 2. Nf3 g6 3. d4 cxd4 4. Qxd4 Nf6 5. Nc3 Nc6 6. Qa4 d6 7. e5 dxe5 8.
Nxe5 Bd7 9. Nxd7 Nxd7 10. Bd2 Bg7 11. O-O-O O-O 12. h4 Nc5 13. Qc4 Ne6 14. h5
Qd4 15. Be3 Qxc4 16. Bxc4 Bxc3 17. bxc3 Rfd8 18. Bd5 Rd6 19. hxg6 hxg6 20. Rd2
a6 21. c4 Rc8 22. Rhd1 Na5 23. c5 Nxc5 24. Bf4 Rb6 25. Be5 Nd7 26. Bxb7 Rxb7 27.
Rxd7 f6 28. Bf4 Kf7 29. Rxb7 Nxb7 30. Rd7 Nc5 31. Rd5 Rc6 32. Be3 Ne4 33. Kb2 e5
34. f3 Nc3 35. Rd3 Nb5 36. Kb3 Ke6 37. c4 Nd6 38. c5 Nf5 39. Bf2 Ne7 40. Kc4 f5
41. Rd8 f4 42. a4 g5 43. a5 Kf5 44. Rf8+ Ke6 45. Rb8 Kf5 46. Rf8+ Rf6 47. Re8
Re6 48. Rf8+ Kg6 49. Rb8 Kf5 50. Rb6 Nc6 51. Rxa6 e4 52. fxe4+ Rxe4+ 53. Kb5 Re2
54. Rxc6 Rxf2 55. a6 Rb2+ 56. Ka5 Rxg2 57. a7 Ra2+ 58. Kb6 g4 59. Rc8 f3 60.
a8=Q Rxa8 61. Rxa8 g3 62. c6 g2 63. Rg8 f2 64. c7 f1=Q 65. c8=Q+ Ke4 66. Qg4+
Ke3 67. Qg3+ Qf3 68. Re8+ Kd2 69. Qxf3 g1=Q+ 70. Kb7 Qb1+ 71. Kc8 Qc2+ 72. Kd8 1-0

[Event "Satty Zhuldyz Rapid 2023"]
[Site "Astana KAZ"]
[Date "2023.04.22"]
[Round "10.2"]
[White "Assaubayeva, Bibisara"]
[Black "Grischuk, Alexander"]
[Result "0-1"]
[WhiteTitle "IM"]
[BlackTitle "GM"]
[WhiteElo "2440"]
[BlackElo "2745"]
[WhiteFideId "13708694"]
[BlackFideId "4126025"]
[EventDate "2023.04.20"]

1. c4 e6 2. g3 d5 3. Bg2 d4 4. Nf3 Nc6 5. O-O Nh6 6. d3 Nf5 7. Na3 Bxa3 8. bxa3
O-O 9. Rb1 Rb8 10. Ne1 Nce7 11. a4 b6 12. a5 Bb7 13. axb6 axb6 14. Nf3 Ra8 15.
a3 c5 16. Re1 Bc6 17. Bb2 f6 18. g4 Nd6 19. e3 dxe3 20. fxe3 e5 21. e4 Qd7 22.
h3 Ng6 23. Bc1 b5 24. cxb5 Nxb5 25. Qc2 Nxa3 26. Qb3+ c4 0-1

[Event "Satty Zhuldyz Rapid 2023"]
[Site "Astana KAZ"]
[Date "2023.04.22"]
[Round "11.3"]
[White "Sindarov, Javokhir"]
[Black "Kramnik, Vladimir"]
[Result "1-0"]
[WhiteTitle "GM"]
[BlackTitle "GM"]
[WhiteElo "2661"]
[BlackElo "2753"]
[WhiteFideId "14205483"]
[BlackFideId "4101588"]
[EventDate "2023.04.20"]

1. e4 c5 2. Nc3 e6 3. g3 Nc6 4. Bg2 Nf6 5. Nge2 Be7 6. O-O O-O 7. d4 cxd4 8.
Nxd4 d6 9. h3 Bd7 10. Be3 Nxd4 11. Qxd4 b5 12. a4 bxa4 13. Nxa4 Qc8 14. Qc3 Bc6
15. e5 Nd5 16. Bxd5 Bxd5 17. Qxc8 Rfxc8 18. exd6 Bxd6 19. Nc3 Bf3 20. Bxa7 Be5
21. Be3 Rab8 22. Rab1 h5 23. Rfc1 Rb4 24. h4 f6 25. Nd1 Rd8 26. c4 Kh7 27. Kf1
Rb3 28. Nc3 Rdb8 29. Bf4 Bxf4 30. gxf4 Rxb2 31. Rxb2 Rxb2 32. Nb5 Be2+ 33. Kg2
Rd2 34. Nc7 Rd6 35. c5 Rc6 36. Ne8 Kg6 37. Nd6 Bg4 38. f3 Bf5 39. Kf2 Bh3 40.
Ke3 e5 41. f5+ Kh7 42. Ke4 g6 43. Kd5 Rc7 44. c6 gxf5 45. Ne8 Re7 46. Nxf6+ Kg6
47. c7 f4 48. Ng4 Re8 49. Nxe5+ Kg7 50. Rb1 Re7 51. Rc1 Bc8 52. Ke4 Re6 53. Rg1+
Kf8 54. Rg6 Re7 55. Rc6 Rh7 56. Kxf4 Ke7 57. Kg5 Ke8 58. f4 Kf8 59. f5 Rg7+ 60.
Ng6+ Ke8 61. Rf6 Rh7 62. Rf8+ Kd7 63. Rh8 Rxh8 64. Nxh8 Kxc7 65. f6 Kd6 66. Kxh5
Bf5 67. Kh6 1-0

[Event "Satty Zhuldyz Rapid 2023"]
[Site "Astana KAZ"]
[Date "2023.04.22"]
[Round "11.5"]
[White "Grischuk, Alexander"]
[Black "Gelfand, Boris"]
[Result "1/2-1/2"]
[WhiteTitle "GM"]
[BlackTitle "GM"]
[WhiteElo "2745"]
[BlackElo "2678"]
[WhiteFideId "4126025"]
[BlackFideId "2805677"]
[EventDate "2023.04.20"]

1. e4 c5 2. Nf3 d6 3. Bb5+ Bd7 4. Bxd7+ Nxd7 5. O-O Ngf6 6. Re1 e6 7. c3 Be7 8.
d4 d5 9. exd5 exd5 10. dxc5 Nxc5 11. Nbd2 O-O 12. Nb3 1/2-1/2